Curious George and the ice cream surprise / (Record no. 1609)

MARC details
000 -LEADER
fixed length control field 01736cam a22004337a 4500
005 - DATE AND TIME OF LATEST TRANSACTION
control field 20230911124356.0
020 ## - INTERNATIONAL STANDARD BOOK NUMBER
International Standard Book Number 9780547242842 (hc.)
020 ## - INTERNATIONAL STANDARD BOOK NUMBER
International Standard Book Number 0547242840 (hc.)
020 ## - INTERNATIONAL STANDARD BOOK NUMBER
International Standard Book Number 9780547242859 (pbk.)
020 ## - INTERNATIONAL STANDARD BOOK NUMBER
International Standard Book Number 0547242859 (pbk.)
040 ## - CATALOGING SOURCE
Original cataloging agency LKR
Transcribing agency LKR
Modifying agency BTCTA
-- DLC
-- FISKH
Language of cataloging eng
050 00 - LIBRARY OF CONGRESS CALL NUMBER
Classification number PZ7.P42583
Item number Cti 2011
082 04 - DEWEY DECIMAL CLASSIFICATION NUMBER
Classification number [E]
Edition number 22
100 1# - MAIN ENTRY--PERSONAL NAME
Personal name Perez, Monica
245 10 - TITLE STATEMENT
Title Curious George and the ice cream surprise /
Statement of responsibility, etc. written by Monica Perez ; illustrated in the style of H. A. Rey by Mary O'Keefe Young.
246 3# - VARYING FORM OF TITLE
Title proper/short title Margret and H.A. Rey's Curious George and the ice cream surprise
246 30 - VARYING FORM OF TITLE
Title proper/short title Ice cream surprise
260 ## - PUBLICATION, DISTRIBUTION, ETC.
Place of publication, distribution, etc. Boston :
Name of publisher, distributor, etc. Houghton Mifflin Harcourt,
Date of publication, distribution, etc. 2011
300 ## - PHYSICAL DESCRIPTION
Extent 11 unnumbred pages :
Other physical details color illustrations ;
Dimensions 22 cm.
500 ## - GENERAL NOTE
General note At head of title: Margret and H.A. Rey's.
505 ## - FORMATTED CONTENTS NOTE
Formatted contents note D
520 ## - SUMMARY, ETC.
Summary, etc. George is looking for a way to beat the summer heat. Swimming, running through sprinklers, a glass of lemonade--none is able to help George cool off! What George really wants is a sweet, cold treat from the ice cream truck! But will he ever catch it?
521 ## - TARGET AUDIENCE NOTE
Target audience note 270 <br/>
Source Lexile
521 ## - TARGET AUDIENCE NOTE
Target audience note D <br/>
Source Raz-Plus
650 #0 - SUBJECT ADDED ENTRY--TOPICAL TERM
Topical term or geographic name entry element Monkeys
Form subdivision Juvenile fiction.
650 #0 - SUBJECT ADDED ENTRY--TOPICAL TERM
Topical term or geographic name entry element Ice cream, ices, etc.
Form subdivision Juvenile fiction.
650 #1 - SUBJECT ADDED ENTRY--TOPICAL TERM
Topical term or geographic name entry element Ice cream, ices, etc.
Form subdivision Fiction.
650 #1 - SUBJECT ADDED ENTRY--TOPICAL TERM
Topical term or geographic name entry element Summer
Form subdivision Fiction.
650 #1 - SUBJECT ADDED ENTRY--TOPICAL TERM
Topical term or geographic name entry element Monkeys
Form subdivision Fiction.
650 #7 - SUBJECT ADDED ENTRY--TOPICAL TERM
Topical term or geographic name entry element Ice cream, ices, etc.
Form subdivision Fiction.
Source of heading or term sears
650 #7 - SUBJECT ADDED ENTRY--TOPICAL TERM
Topical term or geographic name entry element Summer
Form subdivision Fiction.
Source of heading or term sears
650 #7 - SUBJECT ADDED ENTRY--TOPICAL TERM
Topical term or geographic name entry element Monkeys
Form subdivision Fiction.
Source of heading or term sears
700 1# - ADDED ENTRY--PERSONAL NAME
Personal name Young, Mary O'Keefe.
700 1# - ADDED ENTRY--PERSONAL NAME
Personal name Rey, Margret.
700 1# - ADDED ENTRY--PERSONAL NAME
Personal name Rey, H. A.
Fuller form of name (Hans Augusto),
Dates associated with a name 1898-1977.
906 ## - LOCAL DATA ELEMENT F, LDF (RLIN)
a 7
b cbc
c copycat
d 2
e ncip
f 20
g y-gencatlg
942 ## - ADDED ENTRY ELEMENTS (KOHA)
Source of classification or shelving scheme Dewey Decimal Classification
Koha item type Books
Suppress in OPAC No
999 ## -
-- 1609
-- 1609
Holdings
Withdrawn status Lost status Source of classification or shelving scheme Damaged status Not for loan Collection Home library Current library Shelving location Date acquired Total Checkouts Full call number Barcode Date last seen Price effective from Koha item type
    Dewey Decimal Classification     Juvenile Fiction Footprints International School Library Network Toul Kork Campus Footprints International School Library Network Toul Kork Campus TK Primary Library Room(4th Floor), Bookcase 7, Shelves 57-60, Dark Green Books 09/11/2023   PER Fic PZ7.P42583 FISTK01534 09/11/2023 09/11/2023 Books